000 01158cad a22002775a 4500
001 L156921
008 120730e20120217xxkd f s 000 0 eng d
035 _a(Sirsi) u156921
041 0 _aeng
110 2 _aRoyal Institution of Chartered Surveyors
_bEconomics
_95033
245 0 0 _aRICS global real estate weekly
_b6 July 2012
_h[electronic resource]
260 _aLondon
_bRICS
_c2012
490 0 _aRICS Global Real Estate Weekly
_v6 July 2012
520 _aPolish investment market likely to lose its shine. Bank of Canada adds further measures to slow rising debt levels in housing market. Bank of Canada adds further measures to slow rising debt levels in housing market. UK construction output to fall in near term.
590 _aKA
650 2 4 _aRICS GLOBAL REAL ESTATE WEEKLY
651 4 _aPoland
651 4 _aCanada
651 4 _aUnited Kingdom
651 4 _aAustralia
690 _aResidential property
_96266
690 _aCommercial property
_96227
690 _aConstruction management
_96230
856 4 0 _uhttps://www.rics.org/site/download_feed.aspx?fileID=12154&fileExtension=PDF
_zView the report at www.rics.org
942 _n0
999 _c114489
_d114489